Modern Physics

Uloženo v:
Podrobná bibliografie
Hlavní autor: Ohanian, Hans C. (Autor)
Médium: Kniha
Jazyk:angličtina
Vydáno: Englewood Cliffs Prentice Hall 1995
Vydání:2a. ed
Témata:
Tagy: Přidat tag
Žádné tagy, Buďte první, kdo vytvoří štítek k tomuto záznamu!

MARC

LEADER 00000cam a2200000 a 4500
001 UCF5645
003 CL-VaPUC
008 130318e19950000US |||||||||||||||||eng|d
020 |a 0131244396 
082 0 4 |a 539  |b OHA  |2 21 
100 |a Ohanian, Hans C.  |e author  |9 567619 
245 1 0 |a Modern Physics 
250 |a 2a. ed 
300 |a 497 p 
942 |c BK 
945 |d 20130318 00:00:00  |a dcastane 
260 |a Englewood Cliffs  |b Prentice Hall  |c 1995 
650 0 |a Física   |9 227844 
650 7 |a FISICA MODERNA  |2 CL-VaPUC  |9 316548 
583 |a last modification  |c 20130318 11:20:00  |k Rodrigo Vera 
999 |c 351117  |d 351115 
952 |0 0  |1 0  |4 0  |6 539_000000000000000_OHA_1995  |7 0  |8 A  |9 455044  |a BIBCUR  |b BIBCUR  |d 2019-11-22  |i 4956141  |o 539 OHA 1995  |p 4956141  |r 2025-04-22  |w 2019-11-22  |y BK  |k FIS